LIBRARY ONLINE CATALOGUE

Management of a sales force / (Record no. 1169)

MARC details
000 -LEADER
fixed length control field 00724cam a22002292 4500
001 - CONTROL NUMBER
control field 0000020153
005 - DATE AND TIME OF LATEST TRANSACTION
control field 20151021151137.0
008 - FIXED-LENGTH DATA ELEMENTS--GENERAL INFORMATION
fixed length control field 110817s xx 000 0 eng d
020 ## - INTERNATIONAL STANDARD BOOK NUMBER
International Standard Book Number 007058119
040 ## - CATALOGING SOURCE
Original cataloging agency KABU
Transcribing agency KABU
100 1# - MAIN ENTRY--PERSONAL NAME
Personal name Spiro, Rosann L.
-- 0000178982
245 10 - TITLE STATEMENT
Title Management of a sales force /
Statement of responsibility, etc. Rosann L. Spiro, Gregory A. Rich, William J. Stanton.
250 ## - EDITION STATEMENT
Edition statement 11th ed.
260 ## - PUBLICATION, DISTRIBUTION, ETC. (IMPRINT)
Place of publication, distribution, etc. Boston :
Name of publisher, distributor, etc. McGraw-Hill,
Date of publication, distribution, etc. 2003.
300 ## - PHYSICAL DESCRIPTION
Extent xxiii, 564 p.
650 #0 - SUBJECT ADDED ENTRY--TOPICAL TERM
Topical term or geographic name as entry element Sales Management.
-- 0000151581
700 1# - ADDED ENTRY--PERSONAL NAME
Personal name Rich, Gregory A.
-- 0000178983
700 1# - ADDED ENTRY--PERSONAL NAME
Personal name Stanton, William J.
-- 0000178984
852 1# - LOCATION
-- p3500 KES
908 ## - PUT COMMAND PARAMETER (RLIN)
Put command parameter 110817
950 ## - LOCAL HOLDINGS (RLIN)
-- 1
Holdings
Withdrawn status Lost status Source of classification or shelving scheme Not for loan Home library Current library Date acquired Total Checkouts Full call number Barcode Date last seen Price effective from Koha item type
    Library of Congress Classification   Kabarak, Nakuru City Campus Kabarak, Nakuru City Campus 21/10/2015   HF5438.4 .S65 2003 c.1 19146 21/10/2015 21/10/2015 General Collection